MARC details
| 000 -CABECERA |
| campo de control de longitud fija |
01853nam a22004457a 4500 |
| 003 - IDENTIFICADOR DEL NÚMERO DE CONTROL |
| campo de control |
DO-SdBNP |
| 005 - FECHA Y HORA DE LA ÚLTIMA TRANSACCIÓN |
| campo de control |
20250715092837.0 |
| 007 - CAMPO FIJO DE DESCRIPCIÓN FÍSICA--INFORMACIÓN GENERAL |
| campo de control de longitud fija |
ta |
| 008 - DATOS DE LONGITUD FIJA--INFORMACIÓN GENERAL |
| campo de control de longitud fija |
210820e2009 dr a|||ere||| 000 0 spa d |
| 020 ## - NÚMERO INTERNACIONAL ESTÁNDAR DEL LIBRO |
| Número Internacional Estándar del Libro |
9289945443509 |
| 040 ## - FUENTE DE LA CATALOGACIÓN |
| Centro catalogador/agencia de origen |
DO-SdBNP |
| Lengua de catalogación |
spa |
| Centro/agencia transcriptor |
BNPHU |
| 041 ## - CÓDIGO DE LENGUA |
| Código de lengua original |
spa |
| 082 ## - NÚMERO DE LA CLASIFICACIÓN DECIMAL DEWEY |
| Número de documento/Ítem |
R426p, 2009 |
| 110 2# - ENTRADA PRINCIPAL--NOMBRE DE ENTIDAD CORPORATIVA |
| Nombre de entidad corporativa o nombre de jurisdicción como elemento de entrada |
Banco Central de la República Dominicana |
| 9 (RLIN) |
83405 |
| Unidad subordinada |
Banco Central |
| 245 12 - MENCIÓN DE TÍTULO |
| Título |
Pinacoteca 2009: |
| Resto del título |
Colección de obras de artes / |
| Mención de responsabilidad, etc. |
Marianne de Tolentino, Danilo de los Santos, Vladimir Velásquez, textos; Héctor Valdez Albizu, editor; Onorio Montás, [et al.], fotografías |
| 246 15 - FORMA VARIANTE DE TÍTULO |
| Título propio/Titulo breve |
Pinacoteca Banco Central de la República Dominicana. |
| 250 ## - MENCIÓN DE EDICIÓN |
| Mención de edición |
2da. ed. |
| 260 ## - PUBLICACIÓN, DISTRIBUCIÓN, ETC. |
| Lugar de publicación, distribución, etc. |
Santo Domingo : |
| Nombre del editor, distribuidor, etc. |
Banco Central de la República Dominicana, |
| Fecha de publicación, distribución, etc. |
2009 |
| 300 ## - DESCRIPCIÓN FÍSICA |
| Extensión |
350 p.: |
| Otras características físicas |
il., fotogr.; |
| Dimensiones |
29 cm |
| 490 ## - MENCIÓN DE SERIE |
| Mención de serie |
Col. Banco Central de la República Dominicana; |
| Designación de volumen o secuencia |
128 |
| 490 ## - MENCIÓN DE SERIE |
| Mención de serie |
Serie Arte y Literatura; |
| Designación de volumen o secuencia |
52 |
| 500 ## - NOTA GENERAL |
| Nota general |
Incluye índices. |
| 590 ## - NOTA LOCAL (RLIN) |
| Nota local |
Inventariado 2021 / MF |
| 700 12 - PUNTO DE ACCESO ADICIONAL--NOMBRE DE PERSONA |
| Nombre de persona |
Tolentino, Marianne de, |
| 9 (RLIN) |
73333 |
| Fechas asociadas al nombre |
1951- |
| 700 12 - PUNTO DE ACCESO ADICIONAL--NOMBRE DE PERSONA |
| Nombre de persona |
Santos, Danilo de los, |
| Fechas asociadas al nombre |
1943-2018 |
| 9 (RLIN) |
10278 |
| 700 1# - PUNTO DE ACCESO ADICIONAL--NOMBRE DE PERSONA |
| Nombre de persona |
Velázquez, Vladimir |
| 9 (RLIN) |
55175 |
| 700 1# - PUNTO DE ACCESO ADICIONAL--NOMBRE DE PERSONA |
| Nombre de persona |
Valdez Albizu, Héctor, |
| Fechas asociadas al nombre |
1947- |
| Término indicativo de función/relación |
editor |
| 9 (RLIN) |
12322 |
| 700 1# - PUNTO DE ACCESO ADICIONAL--NOMBRE DE PERSONA |
| Nombre de persona |
Montás, Onorio, |
| Término indicativo de función/relación |
fotografía |
| 9 (RLIN) |
59042 |
| 700 1# - PUNTO DE ACCESO ADICIONAL--NOMBRE DE PERSONA |
| 9 (RLIN) |
59875 |
| Nombre de persona |
Hernández, Mariano |
| Término indicativo de función/relación |
fotografía |
| 700 #2 - PUNTO DE ACCESO ADICIONAL--NOMBRE DE PERSONA |
| 9 (RLIN) |
69596 |
| Nombre de persona |
Manosalvas, Francisco |
| Término indicativo de función/relación |
fotografía |
| 700 #2 - PUNTO DE ACCESO ADICIONAL--NOMBRE DE PERSONA |
| 9 (RLIN) |
69597 |
| Nombre de persona |
Calzada, Fernando |
| Término indicativo de función/relación |
fotografía |
| 700 #2 - PUNTO DE ACCESO ADICIONAL--NOMBRE DE PERSONA |
| 9 (RLIN) |
69598 |
| Nombre de persona |
Stéfano, Tiziano de |
| Término indicativo de función/relación |
fotografía |
| 700 #2 - PUNTO DE ACCESO ADICIONAL--NOMBRE DE PERSONA |
| 9 (RLIN) |
75973 |
| Nombre de persona |
Briones, Ricardo, |
| Fechas asociadas al nombre |
1958- |
| 700 #2 - PUNTO DE ACCESO ADICIONAL--NOMBRE DE PERSONA |
| 9 (RLIN) |
69599 |
| Nombre de persona |
Pena Manso, Luis |
| Término indicativo de función/relación |
fotografía |
| 700 #2 - PUNTO DE ACCESO ADICIONAL--NOMBRE DE PERSONA |
| 9 (RLIN) |
36995 |
| Nombre de persona |
Nova, Luis |
| Término indicativo de función/relación |
fotografía |
| 710 2# - PUNTO DE ACCESO ADICIONAL--NOMBRE DE ENTIDAD CORPORATIVA |
| Nombre de entidad corporativa o nombre de jurisdicción como elemento de entrada |
Banco Central de la República Dominicana |
| 9 (RLIN) |
83405 |
| 830 ## - PUNTO DE ACCESO ADICIONAL DE SERIE-TÍTULO UNIFORME |
| Título uniforme |
Banco Central de la República Dominicana; |
| Lenguaje de la obra |
spa. |
| Número de parte o sección de la obra |
128 |
| 9 (RLIN) |
79514 |
| 830 ## - PUNTO DE ACCESO ADICIONAL DE SERIE-TÍTULO UNIFORME |
| Título uniforme |
Arte y Literatura; |
| Lenguaje de la obra |
spa |
| Número de parte o sección de la obra |
52 |
| 9 (RLIN) |
79515 |
| 942 ## - ELEMENTOS DE PUNTO DE ACCESO ADICIONAL (KOHA) |
| Fuente del sistema de clasificación o colocación |
Dewey Decimal Classification |
| Tipo de ítem Koha |
Libro |